Analýza odpadového hospodárstva na Slovensku v rokoch 2019 -2023 a porovnanie so zahraničím diplomová práca

Salvato in:
Dettagli Bibliografici
Autore principale: Magulová, Lenka
Ente Autore: Fakulta hospodárskej informatiky EU. Katedra štatistiky
Altri autori: Hurbánková, Ľubica, 1980-
Natura: Libro
Lingua:slovacco
Pubblicazione: Bratislava 2025
Tags: Aggiungi Tag
Nessun Tag, puoi essere il primo ad aggiungerne!!

MARC

LEADER 00000nbm a2200000 4500
001 0310406
005 20251202102352.9
041 0 |a slo 
044 |a SK 
245 1 0 |a Analýza odpadového hospodárstva na Slovensku v rokoch 2019 -2023 a porovnanie so zahraničím  |b diplomová práca  |c Lenka Magulová ; školiteľ: Ľubica Hurbánková 
264 1 |a Bratislava  |c 2025 
300 |a 91 s. 
100 1 |a Magulová, Lenka 
700 1 |a Hurbánková, Ľubica, 1980- 
710 2 |a Fakulta hospodárskej informatiky EU. Katedra štatistiky